Turbo Pascal Version 4.0

Salvato in:
Dettagli Bibliografici
Autore principale: Lange, Jörg
Natura: Libro
Lingua:tedesco
Pubblicazione: Heidelberg Hüthig 1988
Edizione:1. Aufl.
Tags: Aggiungi Tag
Nessun Tag, puoi essere il primo ad aggiungerne!!

MARC

LEADER 00000nam a2200000 4500
001 c037831
005 20260119074241.5
041 0 |a ger 
044 |a DE 
245 1 0 |a Turbo Pascal Version 4.0  |c Jörg Lange 
250 |a 1. Aufl. 
264 1 |a Heidelberg  |b Hüthig  |c 1988 
300 |a 218 s. 
100 1 |a Lange, Jörg